Reader's digest family health guide and medical encyclopedia / (Record no. 6907)

MARC details
000 -LEADER
fixed length control field 01012nam a2200313 i 4500
001 - CONTROL NUMBER
control field 5747
003 - CONTROL NUMBER IDENTIFIER
control field GBCCL
005 - DATE AND TIME OF LATEST TRANSACTION
control field 20241126110615.0
008 - FIXED-LENGTH DATA ELEMENTS--GENERAL INFORMATION
fixed length control field 770210s1976 nyua d 00100 eng
010 ## -
-- 76023541
020 ## - INTERNATIONAL STANDARD BOOK NUMBER
Terms of availability $11.97
035 ## - SYSTEM CONTROL NUMBER
System control number OCM03003783
040 ## - CATALOGING SOURCE
Original cataloging agency DLC
Transcribing agency DLC
Modifying agency m.c.
-- LBB
049 ## -
-- LBBQ
050 0# -
-- RC81
-- .R28 1976
082 ## - DEWEY DECIMAL CLASSIFICATION NUMBER
Classification number 613
Item number REA
092 ## - LOCALLY ASSIGNED DEWEY CALL NUMBER (OCLC)
Classification number 610
Item number R286, 1976
245 00 - TITLE STATEMENT
Title Reader's digest family health guide and medical encyclopedia /
Statement of responsibility, etc. based on the medical writings of Benjamin F. Miller.
250 ## - EDITION STATEMENT
Edition statement New, rev. ed.
260 0# - PUBLICATION, DISTRIBUTION, ETC.
Place of publication, distribution, etc. New York :
Name of publisher, distributor, etc. Reader's Digest Association,
Date of publication, distribution, etc. c1976.
300 ## - PHYSICAL DESCRIPTION
Extent 639 p. :
Other physical details ill. ;
Dimensions 26 cm.
500 ## - GENERAL NOTE
General note On spine: Family health guide and medical encyclopedia.
500 ## - GENERAL NOTE
General note Included index.
650 #0 - SUBJECT ADDED ENTRY--TOPICAL TERM
Topical term or geographic name entry element Medicine, Popular.
9 (RLIN) 12325
650 #0 - SUBJECT ADDED ENTRY--TOPICAL TERM
Topical term or geographic name entry element Medicine, Popular
General subdivision Dictionaries.
9 (RLIN) 9218
700 10 - ADDED ENTRY--PERSONAL NAME
Personal name Miller, Benjamin Frank,
Dates associated with a name 1907-1971.
9 (RLIN) 12326
740 #1 -
-- Family health guide and medical encyclopedia.
942 ## - ADDED ENTRY ELEMENTS (KOHA)
Source of classification or shelving scheme Dewey Decimal Classification
Koha item type Reference Books
Holdings
Withdrawn status Lost status Source of classification or shelving scheme Damaged status Not for loan Home library Current Library Shelving location Date acquired Total checkouts Full call number Barcode Date last seen Copy number Price effective from Koha item type
    Dewey Decimal Classification     GRACE BIBLE COLLEGE GRACE BIBLE COLLEGE Encyclopedia 2018-07-03   613 REA 001205 2025-05-01 c.1 2018-07-03 Reference Books
© Grace Bible College Library 2025